Central Library OPAC University of Rajshahi

Approach to geometry / (Record no. 50562)

MARC details
000 -LEADER
fixed length control field 00545nam a2200217 a 4500
001 - CONTROL NUMBER
control field 50562
003 - CONTROL NUMBER IDENTIFIER
rucl marc code BD-RjUL
005 - DATE AND TIME OF LATEST TRANSACTION
control field 20211209075529.0
008 - FIXED-LENGTH DATA ELEMENTS--GENERAL INFORMATION
fixed length control field 160827s1960 us a|||| |||| 00| 0 eng d
035 ## - SYSTEM CONTROL NUMBER
System control number (BD-RjUL)50682
040 ## - CATALOGING SOURCE
Original cataloging agency BD-RjUL
Language of cataloging eng
Transcribing agency BD-RjUL
041 ## - LANGUAGE CODE
Language code of text/sound track or separate title eng
082 ## - DEWEY DECIMAL CLASSIFICATION NUMBER
Edition number 23
Classification number 516
Author mark and year HIA 1960
100 ## - MAIN ENTRY--PERSONAL NAME
Personal name Hislop, J.
9 (RLIN) 151440
245 ## - TITLE STATEMENT
Title Approach to geometry /
260 ## - PUBLICATION, DISTRIBUTION, ETC. (IMPRINT)
Place of publication, distribution, etc. Glasgow :
Name of publisher, distributor, etc. R. Gibson,
Date of publication, distribution, etc. ©1960
300 ## - PHYSICAL DESCRIPTION
Pagination v :
Illustrations ill. ;
Size 21 cm
505 0# - FORMATTED CONTENTS NOTE
Formatted contents note volumes 2 --
650 ## - SUBJECT ADDED ENTRY--TOPICAL TERM
Topical term or geographic name as entry element Geometry.
9 (RLIN) 151441
942 ## - ADDED ENTRY ELEMENTS (KOHA)
Source of classification or shelving scheme Dewey Decimal Classification
Koha item type Books
Holdings
Lost status Source of classification or shelving scheme Damaged status Not for loan Collection code Permanent Location Current Location Shelving location Date acquired Source of acquisition Total Checkouts Full call number Date last seen Copy number Koha item type
  Dewey Decimal Classification     Non-fiction Central Library, University of Rajshahi Central Library, University of Rajshahi   08/01/1979 W.U.S.   516 HIA V-1 1960 27/08/2016 C-2 Books